Welcome to CU Library Online Public Access Catalogue (OPAC)

Small business management Entrepreneuship (Record no. 6369)

MARC details
000 -LEADER
fixed length control field 00428nam a22001697a 4500
005 - DATE AND TIME OF LATEST TRANSACTION
control field 20250609163901.0
008 - FIXED-LENGTH DATA ELEMENTS--GENERAL INFORMATION
fixed length control field 250609b |||||||| |||| 00| 0 eng d
020 ## - INTERNATIONAL STANDARD BOOK NUMBER
International Standard Book Number 9781844802241
050 ## - LIBRARY OF CONGRESS CALL NUMBER
Classification number HD 62.7
Item number 1
100 ## - MAIN ENTRY--PERSONAL NAME
Personal name STOKE, David
245 ## - TITLE STATEMENT
Title Small business management Entrepreneuship
250 ## - EDITION STATEMENT
Edition statement 5th
260 ## - PUBLICATION, DISTRIBUTION, ETC.
Place of publication, distribution, etc. Australia
Name of publisher, distributor, etc. Thomson
Date of publication, distribution, etc. 2006c
300 ## - PHYSICAL DESCRIPTION
Extent xxiii,479p
700 ## - ADDED ENTRY--PERSONAL NAME
Personal name Wilson, Nicholas
942 ## - ADDED ENTRY ELEMENTS (KOHA)
Source of classification or shelving scheme Library of Congress Classification
Koha item type Books
Suppress in OPAC No
999 ## -
-- 6369
-- 6369
Holdings
Withdrawn status Lost status Source of classification or shelving scheme Damaged status Not for loan Collection Home library Current library Shelving location Date acquired Total checkouts Full call number Barcode Date last seen Copy number Price effective from Koha item type
    Library of Congress Classification     Non-fiction Graduate Library (Christ Temple) Graduate Library (Christ Temple) General stacks 06/09/2025   HD 62.7 STO GSCT00001567 06/09/2025 1 06/09/2025 Books
© 2023-2024 Copyright: Central University Libraries. All Rights Reserved | Created by: Mahone Tech Office